[Event "Salon de Provence op 3rd"]
[Site "Salon de Provence"]
[Date "2008.04.15"]
[Round "3"]
[White "Chazeau, Laineur Lothaire"]
[Black "Henry, Lazare"]
[Result "1-0"]
[WhiteElo "1730"]
[BlackElo "1180"]
[PlyCount "59"]
[EventDate "2008.04.14"]
[EventType "swiss"]
[EventRounds "7"]
[EventCountry "FRA"]
[SourceTitle "CBM 123 Extra"]
[Source "ChessBase"]
[SourceDate "2008.05.06"]
[SourceVersion "1"]
[SourceVersionDate "2008.05.06"]
[SourceQuality "1"]

1. d4 d5 2. Bf4 g6 3. Nf3 Bg7 4. Nc3 c6 5. e3 Bg4 6. h3 Bxf3 7. Qxf3 Nd7 8. Bd3 e6 9. g4 Qb6 10. 0-0-0 0-0-0 11. Kb1 Ne7 12. Bd6 Rhe8 13. Qxf7 Bf6 14. Qxh7 Nf8 15. Qf7 Nd7 16. Na4 Qa5 17. Nc5 Qb6 18. Nxd7 Kxd7 19. Bc5 Qc7 20. Qxf6 b6 21. Ba3 Rf8 22. Qxe7+ Kc8 23. Qxc7+ Kxc7 24. Bxf8 Rxf8 25. f4 Kd6 26. Bxg6 Ke7 27. h4 Kf6 28. h5 Rh8 29. g5+ Kg7 30. Bd3 1-0

[Event "Salon de Provence op 3rd"]
[Site "Salon de Provence"]
[Date "2008.04.15"]
[Round "2"]
[White "Henry, Lazare"]
[Black "Maisonnet, Emmanuel"]
[Result "0-1"]
[WhiteElo "1180"]
[BlackElo "1670"]
[PlyCount "26"]
[EventDate "2008.04.14"]
[EventType "swiss"]
[EventRounds "7"]
[EventCountry "FRA"]
[SourceTitle "CBM 123 Extra"]
[Source "ChessBase"]
[SourceDate "2008.05.06"]
[SourceVersion "1"]
[SourceVersionDate "2008.05.06"]
[SourceQuality "1"]

1. e4 d6 2. d4 Nf6 3. Nc3 g6 4. Bd3 Bg7 5. Nge2 0-0 6. 0-0 c6 7. f4 b5 8. b4 Qb6 9. Be3 Ng4 10. Qd2 e5 11. h3 Nxe3 12. Qxe3 exd4 13. Qg3 dxc3+ 0-1